[Event "3rd Manaus Open 2024"]
[Site "Manaus"]
[Date "2024.10.15"]
[Round "6.6"]
[White "Di Berardino, Diego Rafael"]
[Black "Piccoli, Lucas Fonseca"]
[Result "1/2-1/2"]
[WhiteElo "2479"]
[BlackElo "2266"]
[Annotator "TA"]
[PlyCount "68"]
[EventDate "2024.10.05"]
[EventType "swiss"]
[EventCountry "BRA"]
[SourceTitle "playchess.com"]
[Source "ChessBase"]
[SourceQuality "1"]
[TimeControl "5400+30"]

{[%evp 12,68,15,8,4,12,12,2,36,0,18,5,6,0,0,-18,-23,-9,0,0,1,0,0,-17,-27,-23,-34,-58,-45,-48,-57,-45,-23,-43,-31,-32,-31,-52,0,-22,0,-21,-20,-38,-40,-45,-51,-82,0,0,0,0,0,0,0,0,0,0,0]} 1. d4 {[%emt 0:00:02]} Nf6 {[%emt 0:02:47]} 2. c4 {[%emt 0:00:07]} e6 {[%emt 0:00:07]} 3. Nc3 {[%emt 0:00:30]} Bb4 {[%emt 0:00:06]} 4. e3 {[%emt 0:00:32]} O-O {[%emt 0:00:10]} 5. Bd3 {[%emt 0:00:04]} c5 {[%emt 0:00:08]} 6. Nge2 {[%emt 0:00:24]} cxd4 {[%emt 0:00:11]} 7. exd4 {[%emt 0:00:05]} d5 {[%emt 0:00:06]} 8. cxd5 {[%emt 0:00:54]} Qxd5 {[%emt 0:00:07]} 9. O-O {[%emt 0:02:33]} Qd7 {[%emt 0:00:04]} 10. Ne4 {[%emt 1:30:19]} Be7 {[%emt 0:13:47]} 11. Qc2 {[%emt 0:00:00] Droht stark Nxf6+.} h6 {[%emt 0:02:08]} 12. Be3 {[%emt 0:00:00]} Nc6 {[%emt 0:00:31]} 13. Qd2 {[%emt 0:00:00]} Ng4 {[%emt 0:13:43]} 14. Rad1 {[%emt 0:00:00]} Nxe3 {[%emt 0:04:50]} 15. Qxe3 {[%emt 0:00:00]} b6 {[%emt 0:02:58]} 16. N4c3 {[%emt 0:00:00][%cal Od4d5] d5! wäre nun fies.} Nb4 {[%emt 0:11:48]} 17. Bb1 {[%emt 0:00:00]} Bb7 {[%emt 0:00:55] Verhindert Qe4} 18. a3 {[%emt 0:00:00]} Nd5 {[%emt 0:00:20]} 19. Qd3 {[%emt 0:00:00]} g6 {[%emt 0:05:35]} 20. Qg3 {[%emt 0:00:00]} Bf6 {[%emt 0:05:26]} 21. h4 {[%emt 0:00:00]} Nxc3 {[%emt 0:03:52]} 22. bxc3 {[%emt 0:00:00]} Ba6 {[%emt 0:05:06] Ein starkes Läuferpaar.} 23. Rfe1 {[%emt 0:00:00]} Bxe2 {[%emt 0:04:44]} 24. Rxe2 {[%emt 0:00:00]} Qb5 {[%emt 0:08:43]} (24... Rac8 $15) 25. Rde1 {[%emt 0:00:42][%cal Oe2e6] [#] Und Rxe6! würde nun gewinnen.} Bg7 {[%emt 0:02:47]} 26. Re3 {[%emt 0:01:26]} Rac8 {[%emt 0:01:02]} 27. Qf3 {[%emt 0:03:41]} Qa5 {[%emt 0:01:12][%cal Oh6h5]} 28. Be4 {[%emt 0:01:38][%cal Bb1e4,Be4d5,Bd5f7][%mdl 32]} h5 {[%emt 0:03:00]} 29. d5 {[%emt 0:00:56]} exd5 {[%emt 0:01:29]} (29... Qxa3 30. dxe6 fxe6 31. Qg3 Rxc3 32. Qxg6 (32. Bxg6 Rxe3 33. Rxe3 Qa2 $11) 32... Rxe3 33. Qh7+ (33. Rxe3 Qa1+ 34. Bb1 Qb2 $14) (33. fxe3 Qc3 $11) (33. Qxe6+ Kh8 $11) 33... Kf7 34. Rxe3 (34. Qxh5+ Ke7 $15) 34... Qa1+ 35. Kh2 $18) (29... Bxc3 30. Rd1 exd5 (30... Qxa3 $2 31. dxe6 fxe6 32. Qg3 $18) 31. Bxd5 $11) ({Günstiger ist} 29... f5 $17 30. Bc2 Qxd5 (30... exd5 31. Bb3 $11) 31. Qxd5 exd5) 30. Bxd5 $11 {[%emt 0:00:12] Die Stellung ist ausgeglichen.} Rxc3 {[%emt 0:01:13]} 31. Rxc3 {[%emt 0:00:49]} Qxc3 {[%emt 0:02:29]} ({Ein No Go ist} 31... Bxc3 $6 32. Re8 $16) 32. Bxf7+ {[%emt 0:01:36]} Kh7 {[%emt 0:05:06]} 33. Qxc3 Bxc3 34. Re7 {[%emt 0:01:00]} a5 {[%emt 0:01:00] Gewichteter Fehlerwert: Weiß=0.09 (makellos) /Schwarz=0.11 (sehr präzise) .  Fehler:       	---       	Schwarz=2     Ungenau:       	Weiß=2     	Schwarz=1     OK:         	Weiß=11    	Schwarz=11} 1/2-1/2

[Event "3rd Manaus Open 2024"]
[Site "Manaus"]
[Date "2024.10.15"]
[Round "6.7"]
[White "Filgueiras, Nathan Felipe"]
[Black "Santiago, Yago De Moura"]
[Result "1/2-1/2"]
[WhiteElo "2343"]
[BlackElo "2460"]
[Annotator "TA"]
[PlyCount "38"]
[EventDate "2024.10.05"]
[EventType "swiss"]
[EventCountry "BRA"]
[SourceTitle "playchess.com"]
[Source "ChessBase"]
[SourceQuality "1"]
[TimeControl "5400+30"]

{[%evp 10,38,37,13,29,22,76,16,45,14,25,5,25,19,10,-9,41,41,42,34,22,52,188,162,231,120,134,29,50,-157,-138]} 1. e4 {[%emt 0:06:51]} e6 {[%emt 0:00:08]} 2. d4 {[%emt 0:00:16]} d5 {[%emt 0:00:09]} 3. Nd2 {[%emt 0:00:05]} c5 {[%emt 0:00:17]} 4. exd5 {[%emt 0:00:06]} Qxd5 {[%emt 0:00:05]} 5. Ngf3 {[%emt 0:00:06]} cxd4 {[%emt 0:00:08]} 6. Bc4 {[%emt 0:00:04]} Qd7 {[%emt 0:03:06] C07: Frans Tarrasch: 3...c5, 4 Pgf3 en 4 exd5 Dxd5.} 7. O-O {[%emt 0:00:14]} a6 {[%emt 0:00:39] [#] Fout (0.5)} (7... Nc6 $11) {Wit zou moeten proberen} 8. Nb3 {[%emt 0:00:58] Fout (0.6)} (8. Ne5 $1 $16 {[%cal Re5d7]} Qc7 9. Re1) 8... Nc6 {[%emt 0:00:27] Onnauwkeurig. De stelling is in evenwicht.} 9. Nbxd4 {[%emt 0:00:06] Onnauwkeurig} Nxd4 {[%emt 0:00:20]} 10. Nxd4 {[%emt 0:00:12]} Qc7 {[%emt 0:00:44]} 11. Bd3 {[%emt 0:01:35] OK maakt 11.Bb3 minder populair.} Bd6 {[%emt 0:01:00][%cal Rd6h2] OK} 12. Re1 {[%emt 1:25:57] OK} {Zwart zou moeten spelen} Bxh2+ {[%emt 0:17:51] Fout (0.5)} (12... Nf6 $11) 13. Kh1 $14 {[%emt 0:00:00] met als doel voor g3. Beste (Gemakkelijk)} Be5 {[%emt 0:00:11] [#] OK} 14. Nxe6 {[%emt 0:00:00] Briljant} Bxe6 {[%emt 0:03:40]} 15. Qh5 {[%emt 0:00:00][%csl LRe5,LRh7] Beste (Gemakkelijk)} Bd6 $146 {[%emt 0:19:54] Fout (1.4)} ({Predecessor:} 15... Nf6 16. Qxe5 Qxe5 17. Rxe5 O-O 18. Re1 Rac8 19. Bd2 Rfd8 20. Bg5 Rd5 21. Bxf6 gxf6 {½-½ Piorun,K (2623)-Shevchenko,K (2645) POL-chT Ekstraliga 2022 (7.3)}) 16. Rxe6+ $18 {[%emt 0:00:00] Beste (Gemakkelijk)} Kf8 {[%emt 0:00:05] [#] pakt misschien beter uit. Fout (0.7)} (16... Ne7) {Wit moet spelen} 17. Re1 {[%emt 0:00:00] Fout (1.1)} (17. Qf3 $1 $18) 17... Nf6 $16 {[%emt 0:00:10] OK} {Beter is} 18. Qf5 {[%emt 0:00:00] Wit is actiever. Fout (1.1)} (18. Qh4 $16) 18... h5 $1 $11 {[%emt 0:00:19] Sterk} 19. f3 $2 {[%emt 0:00:00] houdt voordeel. Voorkomt Ng4. Fout (2.1)} (19. Re2 $14) 19... h4 {[%emt 0:02:58] Blunder waarde: Wit=0.57/Zwart=0.32. OK.  Fout:        	Wit=4      	Zwart=4      Onnauwkeurig:    	Wit=1      	Zwart=1      OK:         	Wit=2      	Zwart=4      Beste:        	Wit=3      	---        Sterk:        	---       	Zwart=1      Briljant:      	Wit=1      	---} 1/2-1/2

[Event "3rd Manaus Open 2024"]
[Site "Manaus"]
[Date "2024.10.15"]
[Round "6.8"]
[White "Rodriguez Vila, Andres"]
[Black "Ribeiro, Matheus Mendes Domin"]
[Result "1-0"]
[WhiteElo "2419"]
[BlackElo "2250"]
[Annotator "RC"]
[PlyCount "121"]
[EventDate "2024.10.05"]
[EventType "swiss"]
[EventCountry "BRA"]
[SourceTitle "playchess.com"]
[Source "ChessBase"]
[SourceQuality "1"]
[TimeControl "5400+30"]

1. e4 {[%emt 0:00:57]} c5 {[%emt 0:05:47]} 2. Nf3 {[%emt 0:00:26]} d6 {[%emt 0:00:17]} 3. d4 {[%emt 0:01:07]} cxd4 {[%emt 0:00:07]} 4. Nxd4 {[%emt 0:00:03]} Nf6 {[%emt 0:00:10]} 5. Nc3 {[%emt 0:00:03]} Nc6 {[%emt 0:02:05]} 6. g3 {[%emt 0:01:04]} g6 {[%emt 0:01:05]} 7. Nde2 {[%emt 0:01:12]} Bg7 {[%emt 0:00:57]} 8. Bg2 {[%emt 0:00:05]} O-O {[%emt 0:00:34]} 9. O-O {[%emt 0:00:06]} Bd7 {[%emt 0:07:10]} 10. h3 {[%emt 0:00:06]} Rc8 {[%emt 0:01:26]} 11. Nd5 {[%emt 0:00:09]} Nxd5 {[%emt 0:04:16]} 12. exd5 {[%emt 0:00:09]} Ne5 {[%emt 0:00:04]} 13. a4 {[%emt 0:00:05]} Qc7 {[%emt 0:02:56]} 14. c3 {[%emt 0:03:19]} Qc4 {[%emt 0:07:22]} 15. b3 {[%emt 0:00:11]} Qa6 {[%emt 0:02:43]} 16. Be3 {[%emt 0:04:29]} Bf5 {[%emt 0:05:25]} 17. c4 {[%emt 0:03:35]} Qa5 {[%emt 0:10:13]} 18. Nd4 {[%emt 0:01:58]} a6 {[%emt 0:04:29]} 19. Re1 {[%emt 0:26:31]} Qc3 {[%emt 0:12:46]} 20. Rc1 {[%emt 0:02:14]} Qd3 {[%emt 0:01:56]} 21. g4 {[%emt 0:53:11]} Be4 {[%emt 0:14:16]} 22. f3 {[%emt 0:00:00]} Bxd5 {[%emt 0:04:14]} 23. cxd5 {[%emt 0:00:00]} Rxc1 {[%emt 0:00:04]} 24. Qxc1 {[%emt 0:00:00]} Nxg4 {[%emt 0:00:09]} 25. fxg4 {[%emt 0:00:00]} Bxd4 {[%emt 0:00:05]} 26. Bxd4 {[%emt 0:00:00]} Qxd4+ {[%emt 0:00:04]} 27. Qe3 {[%emt 0:00:00]} Qb4 {[%emt 0:00:02]} 28. Qxe7 {[%emt 0:00:00]} Rc8 {[%emt 0:01:10]} 29. Rf1 {[%emt 0:00:00]} Rf8 {[%emt 0:00:26]} 30. a5 {[%emt 0:00:00]} b6 {[%emt 0:01:15]} 31. axb6 {[%emt 0:00:00]} Qxb6+ {[%emt 0:00:06]} 32. Kh2 {[%emt 0:00:00]} a5 {[%emt 0:00:33]} 33. Rf3 {[%emt 0:00:00]} Qc5 {[%emt 0:00:25]} 34. Rf6 {[%emt 0:00:00]} Qb4 {[%emt 0:00:34]} 35. Qxd6 {[%emt 0:00:00]} Qxb3 {[%emt 0:00:05]} 36. Rf3 {[%emt 0:00:00]} Qb2 {[%emt 0:01:40]} 37. Qf4 {[%emt 0:00:00]} a4 {[%emt 0:01:47]} 38. Qxa4 {[%emt 0:00:00]} Qe5+ {[%emt 0:00:06]} 39. Rg3 {[%emt 0:00:00]} Rc8 {[%emt 0:01:23]} 40. Qe4 {[%emt 0:00:00]} Qd6 {[%emt 0:00:22]} 41. h4 {[%emt 0:00:00]} Rc3 {[%emt 0:01:52]} 42. Qe8+ {[%emt 0:00:00]} Kg7 {[%emt 0:00:06]} 43. Qe1 {[%emt 0:00:00]} Rc2 {[%emt 0:00:49]} 44. Qd1 {[%emt 0:00:00]} Qc5 {[%emt 0:01:06]} 45. d6 {[%emt 0:00:00]} Rc1 {[%emt 0:00:06]} 46. Qd2 {[%emt 0:00:00]} Qg1+ {[%emt 0:00:27]} 47. Kh3 {[%emt 0:00:00]} Rd1 {[%emt 0:00:03]} 48. Qc3+ {[%emt 0:00:00]} Qd4 {[%emt 0:00:06]} 49. Qb3 {[%emt 0:00:00]} Qxd6 {[%emt 0:00:11]} 50. Rf3 {[%emt 0:00:00]} f6 {[%emt 0:01:50]} 51. Qb7+ {[%emt 0:00:00]} Qd7 {[%emt 0:01:36]} 52. Rb3 {[%emt 0:00:00]} Qxb7 {[%emt 0:03:07]} 53. Rxb7+ {[%emt 0:00:00]} Kh6 {[%emt 0:00:15]} 54. Kg3 {[%emt 0:00:00]} Rd3+ {[%emt 0:01:33]} 55. Bf3 {[%emt 0:00:00]} Rd6 {[%emt 0:01:31]} 56. Be4 {[%emt 0:00:00]} Rd8 {[%emt 0:00:54]} 57. Rf7 {[%emt 0:00:00]} Re8 {[%emt 0:01:47]} 58. Kf4 {[%emt 0:00:00]} g5+ {[%emt 0:00:05]} 59. Kf3 {[%emt 0:00:00]} Rh8 {[%emt 0:00:41]} 60. h5 {[%emt 0:00:00]} f5 {[%emt 0:00:15]} 61. Bxf5 {[%emt 0:00:00]} 1-0

[Event "3rd Manaus Open 2024"]
[Site "Manaus"]
[Date "2024.10.15"]
[Round "6.9"]
[White "Cubas, Jose Fernando"]
[Black "Gauche, Charles"]
[Result "1-0"]
[WhiteElo "2412"]
[BlackElo "2168"]
[Annotator "RC"]
[PlyCount "49"]
[EventDate "2024.10.05"]
[EventType "swiss"]
[EventCountry "BRA"]
[SourceTitle "playchess.com"]
[Source "ChessBase"]
[SourceQuality "1"]
[TimeControl "5400+30"]

1. e4 {[%emt 0:01:06]} e5 {[%emt 0:00:39]} 2. Nf3 {[%emt 0:00:12]} Nc6 {[%emt 0:00:16]} 3. Bb5 {[%emt 0:00:08]} a6 {[%emt 0:00:57]} 4. Ba4 {[%emt 0:00:11]} Nf6 {[%emt 0:00:25]} 5. d4 {[%emt 0:03:46]} Nxe4 {[%emt 0:04:00]} 6. Qe2 {[%emt 0:03:53]} Nd6 {[%emt 1:27:13]} 7. dxe5 {[%emt 0:09:49]} Nb5 {[%emt 0:00:00]} 8. c3 {[%emt 0:05:11]} Be7 {[%emt 0:00:00]} 9. O-O {[%emt 0:02:36]} d6 {[%emt 0:00:00]} 10. c4 {[%emt 0:07:22]} Nba7 {[%emt 0:00:00]} 11. Rd1 {[%emt 0:00:51]} O-O {[%emt 0:00:00]} 12. Nc3 {[%emt 0:00:42]} Re8 {[%emt 0:00:00]} 13. Bc2 {[%emt 0:05:19]} Be6 {[%emt 0:00:00]} 14. Bf4 {[%emt 0:03:09]} Qc8 {[%emt 0:00:00]} 15. exd6 {[%emt 0:03:32]} cxd6 {[%emt 0:00:00]} 16. Bxd6 {[%emt 0:02:46]} Nb4 {[%emt 0:00:00]} 17. Bb3 {[%emt 0:01:22]} Bxd6 {[%emt 0:00:00]} 18. Rxd6 {[%emt 0:00:02]} Bg4 {[%emt 0:00:00]} 19. Qd1 {[%emt 0:00:44]} Qf5 {[%emt 0:00:00]} 20. a3 {[%emt 0:03:27]} Nbc6 {[%emt 0:00:00]} 21. Bc2 {[%emt 0:05:13]} Qh5 {[%emt 0:00:00]} 22. Be4 {[%emt 0:02:01]} Ne5 {[%emt 0:00:00]} 23. Qd5 {[%emt 0:00:09]} Nc8 {[%emt 0:00:00]} 24. Rd8 {[%emt 0:01:59]} Nb6 {[%emt 0:00:00]} 25. Rd6 {[%emt 0:37:30]} 1-0

[Event "3rd Manaus Open 2024"]
[Site "Manaus"]
[Date "2024.10.15"]
[Round "6.10"]
[White "Flom, Gabriel"]
[Black "Acosta, Pablo Alejandro"]
[Result "1-0"]
[WhiteElo "2460"]
[BlackElo "2032"]
[Annotator "TA"]
[PlyCount "75"]
[EventDate "2024.10.05"]
[EventType "swiss"]
[EventCountry "BRA"]
[SourceTitle "playchess.com"]
[Source "ChessBase"]
[SourceQuality "1"]
[TimeControl "5400+30"]

{[%evp 11,75,14,33,-8,39,38,39,-35,-11,-43,9,-23,30,14,250,247,237,262,269,236,302,331,414,402,409,439,460,407,454,430,707,683,693,652,669,667,719,471,414,306,309,292,627,265,594,627,629,629,943,466,487,461,461,459,466,406,545,448,442,291,878,872,29961,29962,29995,29996]} 1. e4 {[%emt 0:00:03]} e5 {[%emt 0:01:52]} 2. Nf3 {[%emt 0:00:04]} Nc6 {[%emt 0:00:06]} 3. Bb5 {[%emt 0:00:03]} a6 {[%emt 0:00:35]} 4. Bxc6 {[%emt 0:00:54]} dxc6 {[%emt 0:00:39]} 5. O-O {[%emt 0:00:09]} Bg4 {[%emt 0:00:27]} 6. d3 {[%emt 1:32:17]} f6 {[%emt 0:04:23]} 7. Be3 {[%emt 0:00:00] C69: Ruy Lopez: Ruilvariant met 5 0-0 f6.} Qd7 {[%emt 0:00:55] Fout (0.5)} (7... h5 $11) 8. h3 $14 {[%emt 0:00:00] OK} Be6 {[%emt 0:00:19]} {Wit zou moeten spelen} 9. Nc3 {[%emt 0:00:00] Fout (0.7)} (9. d4 $14) 9... c5 $15 {[%emt 0:02:40] OK} 10. a4 $146 {[%emt 0:00:00] Onnauwkeurig} ({Predecessor:} 10. Nd2 g5 11. Nc4 h5 12. a4 g4 13. h4 Nh6 14. b3 Nf7 15. Qc1 Be7 16. Qa3 {1-0 Glowinski,D (1366)-Wilshusen,H (1272) SE-2018-0-00270 2017}) {Beter is} 10... h5 {[%emt 0:05:11] Fout (0.5)} (10... Qc6 $15) 11. a5 $11 {[%emt 0:00:00] OK} {Zwart zou moeten proberen} g5 {[%emt 0:01:24] Fout (0.5)} (11... O-O-O) 12. Nd2 {[%emt 0:00:00] OK} b5 $2 {[%emt 0:09:46] en Zwart blijft veilig. Afleidend Na4. Dit kost Zwart de partij. Verliest partij (2.4)} (12... Qc6 $11) 13. axb6 $18 {[%emt 0:00:00] Beste (Gemakkelijk)} cxb6 {[%emt 0:00:10]} 14. b4 {[%emt 0:00:00]} g4 {[%emt 0:07:11] OK} 15. h4 {[%emt 0:00:00] OK} Bh6 {[%emt 1:02:22]} 16. bxc5 {[%emt 0:00:00] OK} Bxe3 {[%emt 0:00:00]} 17. fxe3 {[%emt 0:00:00]} bxc5 {[%emt 0:00:00] [#] OK} 18. Nd5 $1 {[%emt 0:00:00][%mdl 512] OK} Bxd5 {[%emt 0:00:00] OK} 19. exd5 {[%emt 0:00:00]} Qxd5 {[%emt 0:00:00]} 20. Ne4 {[%emt 0:00:00][%cal Rf1f6] Zwart moet nu Rxf6 voorkomen. OK} Qc6 {[%emt 0:00:00] Fout (2.8)} (20... Kf8 $142 21. Ra5 (21. Nxf6 Nxf6 22. Rxf6+ Kg7 $18) 21... Kg7 22. Rxc5 (22. Nxc5 Qc6 $18) 22... Qb7) 21. Ra5 {[%emt 0:00:00] Beste} Qb6 {[%emt 0:00:00]} 22. Qa1 {[%emt 0:00:00]} Rh7 {[%emt 0:00:00]} 23. Rxc5 {[%emt 0:00:00]} Re7 {[%emt 0:00:00]} 24. Qa4+ {[%emt 0:00:00]} Kf8 {[%emt 0:00:00]} 25. Kh2 {[%emt 0:09:30]} g3+ {[%emt 0:05:00] OK} 26. Kxg3 {[%emt 0:00:00]} Qe6 {[%emt 0:00:30] Fout (3.4)} (26... Kg7 27. Rf3 Raa7) 27. Qc6 {[%emt 0:00:00] Fout (3.6)} (27. Nxf6 $142 Rg7+ (27... Nxf6 $2 {slaat de verkeerde figuur.} 28. Rc6 $18) 28. Kh2 (28. Ng4+ Nf6 $18) 28... Qxf6 (28... Nxf6 $2 {verliest.} 29. Rc6 $18) 29. Kg1 (29. Rxf6+ Nxf6 30. Qc6 Ng4+ 31. Kg1 Re8 $18) (29. Qa1 Rf7 $18) 29... Qxf1+ 30. Kxf1) 27... Qg4+ $2 {[%emt 0:00:00] betere vooruitzichten. Fout (3.3)} (27... Qxc6 28. Rxc6 a5 29. Nxf6 Kg7 30. Nxh5+ Kh8) 28. Kh2 {[%emt 0:01:30][%cal Bg3h2,Bh2g1,Bg1h1][%mdl 32] EV=15.05. Goes to h1 (dbg))} Qxh4+ {[%emt 0:00:00] OK} 29. Kg1 {[%emt 0:00:00]} Raa7 {[%emt 0:00:00]} 30. Rc4 {[%emt 0:00:00]} (30. Nxf6 $142 Nxf6 31. Rxf6+ Kg7 32. Rg6+ Kf7 33. g3) 30... Kg7 {[%emt 0:00:00]} 31. Nd6 {[%emt 0:00:00]} Qg5 {[%emt 0:00:00] Zwart is zwak op de lichte velden. OK} 32. Nf5+ {[%emt 0:00:00] OK} Kh8 {[%emt 0:00:00] OK} 33. Nxe7 {[%emt 0:00:00] OK} Qxe3+ {[%emt 0:00:00] Onnauwkeurig} 34. Kh1 {[%emt 0:00:00] [#] En nu zou Nxg8 winnen.} Rxe7 {[%emt 0:00:00] OK} 35. Qxa6 {[%emt 0:00:00] Onnauwkeurig} f5 $2 {[%emt 0:00:00] Fout (5.9)} (35... e4 36. Rxe4 Rxe4 37. dxe4 Qxe4) 36. Rxf5 {[%emt 0:00:00] Beste} Ra7 {[%emt 0:00:00] Onnauwkeurig} 37. Rxh5+ {[%emt 0:00:00]} Kg7 {[%emt 0:00:00]} 38. Rg4+ {[%emt 0:00:00] Blunder waarde: Wit=0.67/Zwart=1.18.  Verliest partij:   	---       	Zwart=1      Fout:        	Wit=2      	Zwart=7      Onnauwkeurig:    	Wit=2      	Zwart=2      OK:         	Wit=9      	Zwart=9      Beste:        	Wit=3      	---} 1-0

[Event "3rd Manaus Open 2024"]
[Site "Manaus"]
[Date "2024.10.12"]
[Round "7"]
[White "Hoffman, Alejandro"]
[Black "Silverio, Vitor Luis De Jesus"]
[Result "1-0"]
[WhiteElo "2356"]
[BlackElo "2016"]
[Annotator "RC"]
[PlyCount "87"]
[EventDate "2024.10.05"]
[EventType "swiss"]
[EventCountry "BRA"]
[SourceTitle "playchess.com"]
[Source "ChessBase"]
[SourceQuality "1"]

1. d4 Nf6 2. g3 g6 3. Bg2 d5 4. Nf3 Bg7 5. O-O O-O 6. c4 c6 7. b3 a5 8. Bb2 Ne4 9. Qc2 Bf5 10. Qc1 a4 11. Na3 Nd7 12. Nh4 Be6 13. f3 Nef6 14. e4 b5 15. exd5 cxd5 16. cxb5 axb3 17. axb3 Rc8 18. Qd2 Qb6 19. Rfc1 h6 20. Bf1 g5 21. Ng2 g4 22. fxg4 Ne4 23. Qd1 f5 24. gxf5 Bxf5 25. Ne3 Be6 26. Nac2 Nf2 27. Qe2 Ne4 28. Ra6 Qb8 29. Rxe6 Rf2 30. Qg4 Rcf8 31. Rxe7 Ng5 32. Rxg7+ Kxg7 33. Qxd7+ R8f7 34. Qg4 Kh8 35. Bg2 Qxb5 36. Bxd5 R7f6 37. Bg2 Qxb3 38. Ba1 Kh7 39. d5 Rf7 40. Be4+ Nxe4 41. Qxe4+ Kg8 42. Qe8+ Kh7 43. Qh8+ Kg6 44. Qg8+ 1-0

[Event "3rd Manaus Open 2024"]
[Site "Manaus"]
[Date "2024.10.12"]
[Round "7"]
[White "Ribeiro, Matheus Mendes Domin"]
[Black "Ordozgoite, Gabriel Bento"]
[Result "1-0"]
[WhiteElo "2250"]
[BlackElo "1791"]
[Annotator "RC"]
[PlyCount "35"]
[EventDate "2024.10.05"]
[EventType "swiss"]
[EventCountry "BRA"]
[SourceTitle "playchess.com"]
[Source "ChessBase"]
[SourceQuality "1"]

1. Nf3 d5 2. e3 Nf6 3. c4 c6 4. Nc3 Bf5 5. cxd5 cxd5 6. Qb3 e6 7. Qxb7 Nbd7 8. Nd4 Rb8 9. Qa6 Rb6 10. Qa4 Rb4 11. Nc6 Rxa4 12. Nxd8 Rb4 13. Nc6 Rb6 14. Nxa7 Bd6 15. Nc8 Rc6 16. Nxd6+ Rxd6 17. b3 O-O 18. Ba3 1-0

[Event "3rd Manaus Open 2024"]
[Site "Manaus"]
[Date "2024.10.12"]
[Round "7"]
[White "Gauche, Charles"]
[Black "Cordero, Daniela"]
[Result "1-0"]
[WhiteElo "2168"]
[BlackElo "2004"]
[Annotator "RC"]
[PlyCount "109"]
[EventDate "2024.10.05"]
[EventType "swiss"]
[EventCountry "BRA"]
[SourceTitle "playchess.com"]
[Source "ChessBase"]
[SourceQuality "1"]

1. c4 e5 2. Nc3 Bb4 3. a3 Bxc3 4. dxc3 Nf6 5. Bg5 h6 6. Bh4 d6 7. Qc2 Be6 8. e4 Nbd7 9. f3 Qe7 10. Bd3 Nb6 11. b3 g5 12. Bf2 Nh5 13. h3 Nf4 14. Bf1 h5 15. O-O-O O-O-O 16. a4 Kb8 17. Ne2 h4 18. a5 Nd7 19. Kb2 Rdf8 20. Qd2 b6 21. Ra1 f5 22. axb6 axb6 23. Nxf4 gxf4 24. exf5 Bxf5 25. Qd5 Kc8 26. Ra8+ Nb8 27. c5 bxc5 28. Qc6 Qd7 29. Ba6+ Kd8 30. Rxb8+ Ke7 31. Qxd7+ Bxd7 32. Rxf8 Kxf8 33. Ra1 Ke7 34. Bd3 c6 35. c4 Ke6 36. Kc3 Rg8 37. Bf1 d5 38. Bxc5 e4 39. cxd5+ cxd5 40. fxe4 Rg3+ 41. Kd4 dxe4 42. Kxe4 Bc6+ 43. Kxf4 Rc3 44. Bf2 Kd7 45. Bxh4 Rxb3 46. Ra7+ Kc8 47. Bf6 Rb1 48. Bd3 Rd1 49. Bf5+ Kb8 50. Ra2 Rf1+ 51. Kg5 Bd5 52. Be5+ Kb7 53. Rb2+ Kc6 54. g4 Bf3 55. h4 1-0

[Event "3rd Manaus Open 2024"]
[Site "Manaus"]
[Date "2024.10.12"]
[Round "7"]
[White "Acosta, Pablo Alejandro"]
[Black "De Siqueira, Luigy Lira"]
[Result "1/2-1/2"]
[WhiteElo "2032"]
[BlackElo "2155"]
[Annotator "RC"]
[PlyCount "127"]
[EventDate "2024.10.05"]
[EventType "swiss"]
[EventCountry "BRA"]
[SourceTitle "playchess.com"]
[Source "ChessBase"]
[SourceQuality "1"]

1. e4 e5 2. Nf3 Nc6 3. Bc4 Bc5 4. c3 Nf6 5. b4 Bb6 6. d3 d6 7. a4 a5 8. b5 Ne7 9. O-O O-O 10. Nbd2 Ng6 11. Bb3 c6 12. Nc4 Bc7 13. Re1 h6 14. Ne3 d5 15. Qc2 Ng4 16. exd5 Nxe3 17. Bxe3 cxd5 18. Bc5 Re8 19. Nd2 b6 20. Be3 Bb7 21. d4 Qh4 22. Nf1 Rad8 23. Ng3 Bc8 24. Rad1 Bg4 25. f3 Bc8 26. Bf2 Bb7 27. Nf5 Qf6 28. Bg3 Nf4 29. dxe5 Bxe5 30. Bxf4 Bxf4 31. Rxe8+ Rxe8 32. Bxd5 Bxd5 33. Rxd5 g6 34. g3 gxf5 35. gxf4 Re1+ 36. Kf2 Qh4+ 37. Kg2 Re6 38. Qd2 Qh5 39. Qf2 Kh7 40. h3 Qg6+ 41. Kh2 Qf6 42. Qc2 Kg6 43. Qd3 h5 44. Kg3 h4+ 45. Kf2 Re8 46. Qd4 Qe7 47. Qxb6+ f6 48. Re5 Qd7 49. Rxe8 Qxe8 50. Qd4 Qe6 51. c4 Qe7 52. c5 Qe6 53. Qe3 Qa2+ 54. Qe2 Qxa4 55. c6 Qxf4 56. Qe8+ Kg7 57. Qd7+ Kg6 58. c7 Qh2+ 59. Ke1 Qe5+ 60. Kd1 Qa1+ 61. Kc2 Qa4+ 62. Kc3 Qb4+ 63. Kc2 Qe7 64. Qc6 1/2-1/2

[Event "3rd Manaus Open 2024"]
[Site "Manaus"]
[Date "2024.10.12"]
[Round "7"]
[White "Melo Lima, Caio Fernandes de"]
[Black "Casalaspro, Mathias Andre"]
[Result "1/2-1/2"]
[WhiteElo "2008"]
[BlackElo "2187"]
[Annotator "RC"]
[PlyCount "80"]
[EventDate "2024.10.05"]
[EventType "swiss"]
[EventCountry "BRA"]
[SourceTitle "playchess.com"]
[Source "ChessBase"]
[SourceQuality "1"]

1. d4 g6 2. Nf3 Bg7 3. g3 d6 4. Bg2 Nd7 5. O-O e5 6. dxe5 dxe5 7. Nc3 Ngf6 8. a4 a5 9. Nd2 O-O 10. Nc4 c6 11. b3 e4 12. Rb1 Qe7 13. Qd6 Qxd6 14. Nxd6 Nd5 15. Nxd5 cxd5 16. Rd1 Nf6 17. c4 Rd8 18. Nxc8 Raxc8 19. Bg5 dxc4 20. Rxd8+ Rxd8 21. bxc4 Rd4 22. Rxb7 h6 23. Rb8+ Kh7 24. Bxf6 Bxf6 25. Rb5 Bd8 26. Rd5 Rxd5 27. cxd5 f5 28. g4 Kg7 29. gxf5 gxf5 30. e3 Kf6 31. f3 Bb6 32. Kf2 exf3 33. Kxf3 Ke5 34. Ke2 Ba7 35. Kd3 Bc5 36. e4 fxe4+ 37. Bxe4 Bb4 38. Bg2 Bd6 39. Kc4 Bb4 40. Kb5 Kd6 1/2-1/2